The power of groups : (Record no. 24544)
[ view plain ]
| 000 -LEADER | |
|---|---|
| fixed length control field | 00642nam a2200205 a 4500 |
| 005 - DATE AND TIME OF LATEST TRANSACTION | |
| control field | 20140310183527.0 |
| 008 - FIXED-LENGTH DATA ELEMENTS--GENERAL INFORMATION | |
| fixed length control field | 110817s19uu xx 00 eng d |
| 020 ## - INTERNATIONAL STANDARD BOOK NUMBER | |
| International Standard Book Number | 9781412970969 |
| 050 ## - LIBRARY OF CONGRESS CALL NUMBER | |
| Classification number | LB 1027.55 |
| Item number | .C68 2009 |
| 100 ## - MAIN ENTRY--PERSONAL NAME | |
| Personal name | Cooley, Leslie |
| 245 ## - TITLE STATEMENT | |
| Title | The power of groups : |
| Remainder of title | solution -focused group counseling in schools / |
| Statement of responsibility, etc | Leslie Cooley. |
| 260 ## - PUBLICATION, DISTRIBUTION, ETC. (IMPRINT) | |
| Place of publication, distribution, etc | California : |
| Name of publisher, distributor, etc | Corwin Press, |
| Date of publication, distribution, etc | 2009. |
| 300 ## - PHYSICAL DESCRIPTION | |
| Extent | 177 p. : |
| Dimensions | 23 cm. |
| 500 ## - GENERAL NOTE | |
| General note | It includes bibliographical reference and index. |
| 521 ## - TARGET AUDIENCE NOTE | |
| Target audience note | |
| 650 ## - SUBJECT ADDED ENTRY--TOPICAL TERM | |
| Topical term or geographic name as entry element | Group guiadance in education. |
| 650 ## - SUBJECT ADDED ENTRY--TOPICAL TERM | |
| Topical term or geographic name as entry element | School psychology. |
| 942 ## - ADDED ENTRY ELEMENTS (KOHA) | |
| Koha item type | Books |
| Source of classification or shelving scheme | Library of Congress Classification |
| Call number prefix | Foreign |
| Withdrawn status | Lost status | Source of classification or shelving scheme | Damaged status | Home library | Current library | Shelving location | Date acquired | Source of acquisition | Cost, normal purchase price | Total Checkouts | Total Renewals | Full call number | Barcode | Date last seen | Date checked out | Copy number | Price effective from | Koha item type |
|---|---|---|---|---|---|---|---|---|---|---|---|---|---|---|---|---|---|---|
| Library of Congress Classification | College Library | College Library | General Circulation Section | 08/17/2011 | Donation | 2315.00 | 1 | 17 | LB 1027.55 .C68 2009 | C12726 | 05/15/2018 | 07/12/2016 | 1 | 10/18/2013 | Books |